LDR 00736naa#a2200169#i#450# 001 RU\\bibl\119529 005 20260418080150.6 011 ## _a2782-4586 100 ## _a20260331b2026####ek#y0rusy0150####ca 102 ## _aRU 200 1# _aУстойчивое развитие экономики регионов и факторы, оказывающие сдерживающее влияние _eЖурнальная статья 210 1# _aМосква _cУниверситет ИТБО _d2026 215 ## _a6 с. 608 ## _aЖурнальная статья _2local 675 ## _aТеории. Учения. Основные вопросы. Общие вопросы. 332.01 _z 700 #1 _aНаумова _gОльга Николаевна 856 4# _ajomeam.ru _u